01061nam a2200265 a 450000100060000000300080000600500170001400800410003103500140007204000270008604100080011308200270012110000370014824501000018526000420028530000360032750001000036350000280046350400300049165000430052171000750056494200120063999900170065195201270066834759BD-RjUL20211209052216.0140519r1972197 nyua 001 0 eng d a(BD-RjUL) aANLbengcANLdBD-RjUL aeng04a301.45151073bMAS 19721 aMangano, Antonio,d1869-910577610aSons of Italy :ba social and religious study of the Italians in America /cby Antonio Mangano aNew York :bRussell & Russell,c1972. axii, 234 p. :billus. ;c23 cm. a"Edited under the direction of Missionary Education Movement of the United States and Canada.". a"A facsimile reprint.". aBibliography: p. 223-228. 0aItalians in the United States.91057771 aMissionary Education Movement of the United States and Canada.9105778 2ddccBK c34759d34759 00102ddc40718NFICaRUCLbRUCLcReadingd1994-07-10l0o301.45151073 MAS 1972r2014-05-19 00:00:00tC-1w2014-05-19yBK